[Event "Chigorin Memorial 29th"]
[Site "St Petersburg"]
[Date "2022.10.24"]
[Round "3"]
[White "Lekhtonen, Yaroslav"]
[Black "Nazemtsev, Artyom"]
[Result "1-0"]
[WhiteElo "1992"]
[BlackElo "1609"]
[PlyCount "113"]
[EventDate "2022.10.22"]
[EventType "swiss"]
[EventRounds "9"]
[EventCountry "RUS"]
[SourceTitle "EXT 2024"]
[Source "ChessBase"]
[SourceDate "2023.10.10"]
[SourceVersion "1"]
[SourceVersionDate "2023.10.10"]
[SourceQuality "1"]

1. e4 c6 2. d4 d5 3. exd5 cxd5 4. Bd3 Nc6 5. c3 g6 6. Nf3 Bg7 7. 0-0 Nh6 8. Bf4 f6 9. c4 Nf5 10. cxd5 Qxd5 11. Nc3 Qd8 12. d5 Nb8 13. Bxb8 Rxb8 14. Qa4+ Bd7 15. Qxa7 0-0 16. Bxf5 Bxf5 17. Nd4 Qd7 18. Rfe1 Ra8 19. Qc5 Rfe8 20. Nxf5 gxf5 21. Re6 Ra6 22. Rxa6 bxa6 23. Re1 e5 24. dxe6 Rxe6 25. Qc4 Kf7 26. Na4 Bf8 27. Kf1 Qc6 28. Qxe6+ Qxe6 29. Rxe6 Kxe6 30. Ke2 Kd5 31. Kd3 Bd6 32. h3 Be5 33. Nb6+ Kc6 34. Nc4 Bc7 35. Ne3 f4 36. Ng4 f5 37. Nh6 f3 38. gxf3 Be5 39. b3 f4 40. Kc4 Bf6 41. Nf5 Bd8 42. b4 Kb6 43. Nd4 Bf6 44. Ne6 Be5 45. Nf8 Bd6 46. Nxh7 Be7 47. a4 Kc6 48. b5+ Kb6 49. bxa6 Kxa6 50. Kd5 Ka5 51. Ke4 Bh4 52. Kxf4 Bxf2 53. Ke4 Kxa4 54. f4 Kb5 55. Kd5 Kb6 56. f5 Kc7 57. f6 1-0